[Event "USCL Baltimore vs Philadelphia"]
[Site "Internet Chess Club"]
[Date "2009.09.14"]
[Round "3"]
[White "Sivakumar, Kavinayan"]
[Black "Battsetseg, Tsaagan"]
[Result "1-0"]
[WhiteElo "2048"]
[BlackElo "2265"]
[PlyCount "143"]
[EventDate "2009.??.??"]

1. e4 c5 2. Nf3 g6 3. d4 cxd4 4. Qxd4 Nf6 5. e5 Nc6 6. Qa4 Nd5 7. Qe4 Nb6 8.
Nc3 d5 9. exd6 Bf5 10. Qf4 Bg7 11. Bb5 O-O 12. O-O e5 13. Qh4 Nd4 14. Qxd8
Rfxd8 15. Be3 Rxd6 16. a4 Bxc2 17. Nd2 a6 18. a5 axb5 19. axb6 Rb8 20. f4 Rxb6
21. fxe5 Bxe5 22. Nf3 Nxf3+ 23. Rxf3 Ra6 24. Raf1 Bd3 25. Rd1 Bc4 26. Rd7 Be6
27. Rd2 Ra1+ 28. Rd1 Rxd1+ 29. Nxd1 Rd8 30. Rf1 b4 31. Bc5 b3 32. Be3 Rd3 33.
Re1 Rd5 34. g3 Ra5 35. Bb6 Rb5 36. Be3 Kg7 37. Kf2 Bf5 38. Bd2 Bd4+ 39. Be3 Bf6
40. Bd2 Bc2 41. Nc3 Rc5 42. Na4 Rd5 43. Bc3 Bxc3 44. Nxc3 Rd3 45. Re3 Rd4 46.
Re1 h5 47. Re3 g5 48. Re1 Kg6 49. Re5 Bf5 50. Rd5 Rc4 51. Rb5 Bc2 52. Rxb7 h4
53. Rb5 Rd4 54. Rd5 Rc4 55. Rb5 Kh5 56. Ke3 Kg4 57. Kf2 Rc6 58. Kg2 h3+ 59. Kf2
Rf6+ 60. Ke2 Re6+ 61. Kf2 Rc6 62. Rb4+ Kh5 63. Rb5 Ra6 64. Re5 Ra1 65. Re1 Ra5
66. Re7 Rc5 67. Rb7 Rf5+ 68. Ke2 Kg4 69. Rb4+ Kh5 70. g4+ Kg6 71. gxf5+ Kxf5
72. Kf3 1-0

[Event "USCL Tennessee vs Chicago"]
[Site "Internet Chess Club"]
[Date "2009.09.16"]
[Round "3"]
[White "Ehlvest, Jaan"]
[Black "Felecan, Florin"]
[Result "1-0"]
[WhiteElo "2697"]
[BlackElo "2430"]
[PlyCount "61"]
[EventDate "2009.??.??"]

1. c4 Nf6 2. Nc3 g6 3. e4 d6 4. d4 Bg7 5. f4 c5 6. d5 O-O 7. Nf3 e6 8. dxe6
fxe6 9. Bd3 Nc6 10. O-O a6 11. Qe1 b6 12. Kh1 Ra7 13. Bd2 Re7 14. Qh4 Bb7 15.
Rae1 Nd4 16. Ng5 h6 17. Nf3 e5 18. f5 gxf5 19. exf5 Nxf3 20. gxf3 Ref7 21. Qh3
d5 22. cxd5 Nxd5 23. Be4 Nxc3 24. Bxc3 Qc8 25. Rg1 Rxf5 26. Qxh6 R8f7 27. Rd1
Rxf3 28. Bxe5 Rf1 29. Qh7+ Kf8 30. Bxg7+ Ke8 31. Rgxf1 1-0

[Event "USCL Miami vs San Francisco"]
[Site "Internet Chess Club"]
[Date "2009.09.16"]
[Round "3"]
[White "Kraai, Jesse"]
[Black "Lopez, Bruci"]
[Result "1-0"]
[WhiteElo "2552"]
[BlackElo "2480"]
[PlyCount "53"]
[EventDate "2009.??.??"]

1. Nf3 Nf6 2. c4 g6 3. Nc3 Bg7 4. e4 d6 5. d4 O-O 6. Be2 e5 7. O-O Nc6 8. dxe5
dxe5 9. Bg5 Qxd1 10. Rfxd1 h6 11. Be3 Bg4 12. h3 Bxf3 13. Bxf3 Rfd8 14. Nd5
Nxd5 15. cxd5 Nd4 16. Rac1 Rd7 17. Kf1 h5 18. Be2 Rf8 19. Bc4 Kh7 20. g4 f5 21.
exf5 gxf5 22. Bxd4 exd4 23. Bd3 Re7 24. Bxf5+ Kh8 25. Re1 Rfe8 26. Rxe7 Rxe7
27. d6 1-0

[Event "USCL Tennessee vs Chicago"]
[Site "Internet Chess Club"]
[Date "2009.09.16"]
[Round "3"]
[White "Young, Angelo"]
[Black "Andrews, Todd"]
[Result "1-0"]
[WhiteElo "2325"]
[BlackElo "2360"]
[PlyCount "93"]
[EventDate "2009.??.??"]

1. d4 Nf6 2. Nf3 g6 3. g3 Bg7 4. Bg2 O-O 5. O-O d6 6. Re1 Nc6 7. d5 Na5 8. Nd4
e5 9. Nb3 Nxb3 10. axb3 Nh5 11. e4 Qe8 12. Bf3 f5 13. Nc3 f4 14. Bg4 f3 15.
Bxf3 Qf7 16. Kg2 Qd7 17. Be3 Nf6 18. Kg1 h5 19. Bg2 Ng4 20. h3 Nxe3 21. Rxe3
Bh6 22. Rf3 Rxf3 23. Qxf3 Qe7 24. Nb5 c6 25. Rxa7 Rxa7 26. Nxa7 Bd7 27. dxc6
bxc6 28. Qc3 Qe8 29. Qb4 Qa8 30. Qb6 Kf7 31. Qc7 Ke7 32. h4 Ke8 33. Bf1 Bf8 34.
Ba6 Qd8 35. Qb7 Qa5 36. Qb8+ Kf7 37. Bc4+ d5 38. Qb7 Ke8 39. Nxc6 Qe1+ 40. Bf1
Bd6 41. Qa8+ Kf7 42. Nd8+ Ke7 43. Qxd5 Bh3 44. Nc6+ Ke8 45. Qb5 Bd7 46. Qc4 Kf8
47. Qd5 1-0

[Event "USCL Miami vs San Francisco"]
[Site "Internet Chess Club"]
[Date "2009.09.16"]
[Round "3"]
[White "Liou, Yian"]
[Black "Alvarez, Ernesto"]
[Result "1-0"]
[WhiteElo "2149"]
[BlackElo "2200"]
[PlyCount "87"]
[EventDate "2009.??.??"]

1. e4 c5 2. Nf3 d6 3. d4 cxd4 4. Nxd4 Nf6 5. Nc3 a6 6. Be2 e5 7. Nb3 Be7 8. O-O
b5 9. a4 b4 10. Nd5 Bb7 11. Be3 Nxd5 12. exd5 O-O 13. a5 Nd7 14. c4 bxc3 15.
bxc3 Rc8 16. c4 Bg5 17. Qd2 Bxe3 18. Qxe3 Nc5 19. Rfb1 Qe7 20. Nxc5 Rxc5 21.
Rb6 Qc7 22. Qb3 Bc8 23. Qb4 f5 24. Rd1 e4 25. Rc6 Qe7 26. Rxc5 dxc5 27. Qb6 f4
28. d6 Qf7 29. f3 e3 30. Qxc5 Be6 31. Qd4 Qg6 32. Bd3 Qh5 33. c5 Bh3 34. Qe4 e2
35. Bxe2 Qxc5+ 36. Qd4 Qxd4+ 37. Rxd4 Bd7 38. Bxa6 g5 39. Rb4 Kf7 40. Re4 Kf6
41. Bb7 Bc8 42. a6 Rd8 43. Bxc8 Rxc8 44. d7 1-0

[Event "USCL Miami vs San Francisco"]
[Site "Internet Chess Club"]
[Date "2009.09.16"]
[Round "3"]
[White "Lugo, Blas"]
[Black "Shankland, Sam"]
[Result "0-1"]
[WhiteElo "2351"]
[BlackElo "2564"]
[PlyCount "76"]
[EventDate "2009.??.??"]

1. e4 c5 2. Nf3 d6 3. d4 cxd4 4. Nxd4 Nf6 5. Nc3 a6 6. Be3 e5 7. Nb3 Be7 8. f3
Be6 9. Qd2 O-O 10. O-O-O Nbd7 11. g4 b5 12. g5 b4 13. gxf6 bxc3 14. Qxc3 Nxf6
15. Na5 Rc8 16. Nc6 Qd7 17. Nxe7+ Qxe7 18. Qa5 Rc6 19. Bd3 Rb8 20. Rhg1 Qb7 21.
b3 Nd7 22. Qd2 g6 23. h4 Nc5 24. Bxc5 dxc5 25. c4 Rd6 26. Qg5 Qb4 27. Qxe5 Rd4
28. Bc2 Rbd8 29. Kb2 Bxc4 30. a3 Qb6 31. Rxd4 cxd4 32. h5 d3 33. h6 f6 34. Qe7
Bf7 35. Rd1 Re8 36. Qd7 dxc2 37. Rd3 Qc5 38. Kc1 Rc8 0-1

[Event "USCL Tennessee vs Chicago"]
[Site "Internet Chess Club"]
[Date "2009.09.16"]
[Round "3"]
[White "Burgess, Jon"]
[Black "Bick, John"]
[Result "1/2-1/2"]
[WhiteElo "2237"]
[BlackElo "2260"]
[PlyCount "111"]
[EventDate "2009.??.??"]

1. e4 e6 2. d4 d5 3. Nd2 Nf6 4. e5 Nfd7 5. c3 c5 6. f4 Nc6 7. Ndf3 cxd4 8. cxd4
f5 9. a3 Be7 10. Bd3 O-O 11. b4 a5 12. b5 Na7 13. Bd2 Nb6 14. Ne2 Nc4 15. Bxc4
dxc4 16. Qa4 Bd7 17. Nc3 Rc8 18. Be3 b6 19. O-O Kh8 20. Rfd1 Qe8 21. Rab1 Rc7
22. Kh1 h6 23. d5 Bc5 24. Bd4 Rg8 25. dxe6 Bxe6 26. Qc2 Bxa3 27. Bxb6 Rb7 28.
Qf2 Qb8 29. Na4 Bb4 30. Bxa7 Rxa7 31. Nd4 Bd5 32. Rbc1 Rf7 33. Nc3 Rd8 34. e6
Rf6 35. Nxd5 Rxd5 36. Rxc4 Rxe6 37. Rdc1 Re8 38. Qf3 Qd6 39. Rc6 Qd7 40. Nc2
Rxb5 41. h3 Bd2 42. Rd1 Rd5 43. Rc4 Kh7 44. Qf2 Re4 45. Rxe4 fxe4 46. Qe2 e3
47. Nxe3 Bxe3 48. Rxd5 Qxd5 49. Qxe3 Qc4 50. Qe5 a4 51. Qd6 Qe4 52. Kh2 Qe3 53.
f5 a3 54. f6 a2 55. Qc7 Qg5 56. Qc2+ 1/2-1/2

[Event "USCL Tennessee vs Chicago"]
[Site "Internet Chess Club"]
[Date "2009.09.16"]
[Round "3"]
[White "Bereolos, Pete"]
[Black "Pasalic, Mehmed"]
[Result "0-1"]
[WhiteElo "2329"]
[BlackElo "2346"]
[PlyCount "114"]
[EventDate "2009.??.??"]

1. d4 Nf6 2. c4 d6 3. Nc3 Nbd7 4. e4 e5 5. d5 Nc5 6. Qc2 a5 7. Nf3 g6 8. Be2
Bg7 9. O-O O-O 10. Bg5 h6 11. Bh4 g5 12. Bg3 Nh5 13. Ne1 Nf4 14. Nd3 Na6 15. f3
Bd7 16. Bf2 f5 17. exf5 Bxf5 18. Ne4 Kh8 19. Be3 Qe8 20. Ndf2 b6 21. g3 Nxe2+
22. Qxe2 Qg6 23. Kg2 Rf7 24. g4 Bd7 25. Ng3 Bf6 26. Nfe4 Be7 27. h3 Raf8 28. b3
Bc8 29. a3 Nb8 30. b4 Nd7 31. Rf2 Rg8 32. Qd2 axb4 33. axb4 Nf8 34. Ra7 Qh7 35.
Rxc7 Ng6 36. Qe2 Nf4+ 37. Bxf4 gxf4 38. Nh5 Qg6 39. Kf1 Bh4 40. Rxf7 Qxf7 41.
Rg2 Qa7 42. Qa2 Qc7 43. Rc2 Bb7 44. c5 Ra8 45. Qb2 bxc5 46. bxc5 Ba6+ 47. Kg2
Bd3 48. Rc1 Bxe4 49. fxe4 f3+ 50. Kh1 Qh7 51. Rc4 Qa7 52. c6 Qe3 53. Qc1 f2 54.
Rc3 f1=Q+ 55. Qxf1 Qxc3 56. Qf7 Qxh3+ 57. Kg1 Ra1+ 0-1

[Event "USCL Chicago vs San Francisco"]
[Site "Internet Chess Club"]
[Date "2009.09.21"]
[Round "4"]
[White "Young, Angelo"]
[Black "Shankland, Sam"]
[Result "1-0"]
[WhiteElo "2325"]
[BlackElo "2564"]
[PlyCount "91"]
[EventDate "2009.??.??"]

1. d4 d5 2. c4 c6 3. Nc3 Nf6 4. e3 e6 5. Bd2 Bd6 6. c5 Bc7 7. f4 b6 8. b4 a5 9.
a3 Ba6 10. Bxa6 Nxa6 11. cxb6 Bxb6 12. Qa4 O-O 13. b5 cxb5 14. Qxb5 Ne8 15. Nf3
Nd6 16. Qd3 Nc4 17. O-O Qe7 18. Ne5 Rfc8 19. Na4 Bd8 20. Rfc1 Nxd2 21. Rxc8
Rxc8 22. Qxa6 Qc7 23. Nc5 Rb8 24. Rd1 Ne4 25. Nxe4 dxe4 26. Qc6 g6 27. Qe8+ Kg7
28. Nd7 Qd6 29. Nxb8 Qxb8 30. Qa4 Qb2 31. d5 Bb6 32. Qxe4 Qxa3 33. dxe6 Qxe3+
34. Qxe3 Bxe3+ 35. Kf1 fxe6 36. g3 Kf6 37. Rd6 Bc5 38. Ra6 Bb4 39. Ke2 h5 40.
Kf3 Kf5 41. h3 Kf6 42. Ke4 Be1 43. g4 hxg4 44. hxg4 Kf7 45. Ra7+ Kg8 46. Re7
1-0

[Event "USCL Miami vs Tennessee"]
[Site "Internet Chess Club"]
[Date "2009.09.21"]
[Round "4"]
[White "Moreno Roman, Alejandro"]
[Black "Bick, John"]
[Result "0-1"]
[WhiteElo "2331"]
[BlackElo "2260"]
[PlyCount "64"]
[EventDate "2009.??.??"]

1. e4 e6 2. d4 d5 3. Nc3 Nf6 4. e5 Nfd7 5. Nce2 c5 6. c3 Nc6 7. f4 b5 8. Nf3 b4
9. cxb4 cxb4 10. Ng3 Qb6 11. Be3 Be7 12. Rc1 a5 13. Qa4 Ndb8 14. Bb5 Bd7 15.
O-O O-O 16. Rf2 Nxe5 17. Bxd7 Nexd7 18. Rfc2 Bd6 19. h3 g6 20. Nf1 Qa6 21. Ne5
Nb6 22. Qb3 f6 23. Rc6 Nxc6 24. Rxc6 fxe5 25. dxe5 Bc7 26. Rxc7 Nc4 27. Ng3
Nxe3 28. Qxe3 Rf7 29. Rxf7 Kxf7 30. f5 Qa7 31. Qxa7+ Rxa7 32. f6 Rc7 0-1

[Event "USCL Miami vs Tennessee"]
[Site "Internet Chess Club"]
[Date "2009.09.21"]
[Round "4"]
[White "Burnett, Ron"]
[Black "Lugo, Blas"]
[Result "0-1"]
[WhiteElo "2380"]
[BlackElo "2351"]
[PlyCount "86"]
[EventDate "2009.??.??"]

1. Nf3 d5 2. d4 Nf6 3. c4 c6 4. e3 e6 5. Nbd2 Nbd7 6. Bd3 Bd6 7. O-O O-O 8. e4
e5 9. cxd5 cxd5 10. exd5 exd4 11. Ne4 Nxe4 12. Bxe4 Nc5 13. Bb1 d3 14. b4 Ne4
15. Qxd3 f5 16. a3 a5 17. Bb2 axb4 18. axb4 Rxa1 19. Bxa1 Qb6 20. Ba2 Qxb4 21.
Bd4 Qa5 22. Bb3 Qc7 23. Ne5 Nc5 24. Qf3 Kh8 25. Re1 Qa5 26. Bc3 Qc7 27. Ba2 Ne4
28. Rxe4 fxe4 29. Qxf8+ Bxf8 30. d6 Bxd6 31. Nf7+ Kg8 32. Nxd6+ Kf8 33. Nxe4
Qe7 34. Bd5 Bf5 35. Ng3 Bg6 36. Bf3 b5 37. h3 b4 38. Bd4 b3 39. Ne2 Qa3 40. g3
b2 41. Bxb2 Qxf3 42. Nd4 Qd3 43. Ne6+ Ke7 0-1

[Event "USCL Miami vs Tennessee"]
[Site "Internet Chess Club"]
[Date "2009.09.21"]
[Round "4"]
[White "Justice, David"]
[Black "Rodriguez, Eric"]
[Result "1/2-1/2"]
[WhiteElo "2087"]
[BlackElo "2290"]
[PlyCount "127"]
[EventDate "2009.??.??"]

1. e4 d6 2. d4 Nf6 3. Nc3 e5 4. Nf3 Nbd7 5. Bc4 Be7 6. O-O O-O 7. Re1 c6 8. a4
a5 9. h3 Nb6 10. Bd3 Nfd7 11. Ne2 exd4 12. Nexd4 Nc5 13. Bf1 Ncxa4 14. c3 Nc5
15. b4 axb4 16. Rxa8 Nxa8 17. cxb4 Ne6 18. Nf5 Re8 19. Nxe7+ Qxe7 20. Bb2 Nb6
21. Nd4 d5 22. b5 Qb4 23. exd5 Nxd5 24. Ba1 Bd7 25. Nf5 Nec7 26. Rxe8+ Nxe8 27.
bxc6 bxc6 28. Ne3 Be6 29. Nc4 f6 30. Qd4 Qe1 31. Bb2 Bf7 32. g3 Be6 33. g4 h5
34. Ba3 hxg4 35. hxg4 Nec7 36. Nd6 Bd7 37. Qc4 Ne6 38. Bc1 Qd1 39. Nf5 Nef4 40.
Bxf4 Qxg4+ 41. Bg3 Qxc4 42. Bxc4 Bxf5 43. Bxd5+ cxd5 44. Bf4 d4 45. Bd2 Kf7 46.
Kg2 Ke6 47. Kf3 Kd5 48. Ke2 Bg4+ 49. f3 Bh5 50. Bc1 Kc4 51. Bd2 Kb3 52. Kd3
Bxf3 53. Kxd4 Kc2 54. Bb4 f5 55. Ke5 Bg4 56. Be7 Kd3 57. Kf4 Kd4 58. Bd8 Kd5
59. Be7 Ke6 60. Bd8 Kf7 61. Bg5 Kg6 62. Bh4 Kh5 63. Bg5 Bh3 64. Be7 1/2-1/2

[Event "USCL Baltimore vs Arizona"]
[Site "Internet Chess Club"]
[Date "2009.09.21"]
[Round "4"]
[White "Enkhbat, Tegshsuren"]
[Black "Altounian, Levon"]
[Result "1/2-1/2"]
[WhiteElo "2430"]
[BlackElo "2538"]
[PlyCount "90"]
[EventDate "2009.??.??"]

1. d4 d5 2. c4 c6 3. Nf3 Nf6 4. Qb3 dxc4 5. Qxc4 Bg4 6. Nc3 Nbd7 7. e4 e6 8.
Be3 Be7 9. Be2 O-O 10. O-O Bh5 11. Qb3 Qb6 12. Qc2 Rac8 13. d5 c5 14. dxe6 Qxe6
15. Ng5 Qc6 16. Nd5 Bd8 17. Bxh5 Nxh5 18. Rad1 h6 19. Nf3 Re8 20. Nd2 Nhf6 21.
Nxf6+ Nxf6 22. f3 c4 23. Nb1 b5 24. Nc3 Bb6 25. Bxb6 Qxb6+ 26. Qf2 b4 27. Qxb6
axb6 28. Nd5 Nxd5 29. Rxd5 Ra8 30. Rb5 Rxa2 31. Rxb4 Rd8 32. Rc1 Rd2 33. h4
Raxb2 34. Rxb2 Rxb2 35. Rxc4 g6 36. Rc7 b5 37. Rb7 b4 38. Kh2 h5 39. e5 b3 40.
Kg3 Kf8 41. Kh2 Ke8 42. Kg3 Kf8 43. Kh2 Ke8 44. Kg3 Kf8 45. Kh2 Ke8 1/2-1/2

[Event "USCL Chicago vs San Francisco"]
[Site "Internet Chess Club"]
[Date "2009.09.21"]
[Round "4"]
[White "Liou, Yian"]
[Black "Pasalic, Mehmed"]
[Result "1-0"]
[WhiteElo "2149"]
[BlackElo "2346"]
[PlyCount "85"]
[EventDate "2009.??.??"]

1. e4 c5 2. Nf3 d6 3. d4 cxd4 4. Nxd4 Nf6 5. Nc3 Bd7 6. Be2 Nc6 7. Bg5 Qa5 8.
Bxf6 gxf6 9. Nb3 Qg5 10. g3 f5 11. f4 Qg7 12. exf5 Bxf5 13. Bb5 a6 14. Bxc6+
bxc6 15. Qe2 Qg4 16. Qg2 Bd7 17. Nd4 Bg7 18. Qe4 O-O 19. Kf2 f5 20. Qd3 e5 21.
Nde2 d5 22. h3 Qg6 23. fxe5 Bxe5 24. Nf4 Qd6 25. Nce2 d4 26. b4 a5 27. Qc4+ Kh8
28. a3 Bc8 29. Rad1 axb4 30. axb4 Ba6 31. Qe6 Qc7 32. Rhe1 Rae8 33. Qh6 Rf6 34.
Qh5 Rg8 35. Qf3 Bb7 36. Qb3 Qb6 37. Nd3 Bd6 38. Nef4 Ba6 39. Re6 Rxe6 40. Qxe6
Bxf4 41. Qf6+ Rg7 42. gxf4 Bxd3 43. Rg1 1-0

[Event "USCL Chicago vs San Francisco"]
[Site "Internet Chess Club"]
[Date "2009.09.21"]
[Round "4"]
[White "van de Mortel, Jan"]
[Black "Friedel, Josh"]
[Result "1/2-1/2"]
[WhiteElo "2456"]
[BlackElo "2612"]
[PlyCount "87"]
[EventDate "2009.??.??"]

1. Nf3 Nf6 2. c4 e6 3. d4 b6 4. g3 Ba6 5. Qa4 Bb7 6. Bg2 c5 7. dxc5 bxc5 8. O-O
Be7 9. Nc3 O-O 10. Bf4 d6 11. Rfd1 Qb6 12. Qb5 Qc7 13. Rd2 Rd8 14. Rad1 h6 15.
Qa4 a6 16. b4 e5 17. Be3 Bc6 18. Qb3 cxb4 19. Qxb4 Nbd7 20. Nd5 Bxd5 21. cxd5
Rdb8 22. Qa4 Rb5 23. Rc2 Qb7 24. Nh4 Bf8 25. Nf5 e4 26. Rcd2 Re8 27. h3 Re5 28.
g4 h5 29. Bf4 Rexd5 30. Rxd5 Rxd5 31. Rxd5 Qxd5 32. Ne3 Qd2 33. g5 Nc5 34. Qc6
Nfd7 35. Qd5 Qc1+ 36. Kh2 Nb6 37. Qc6 Nd3 38. Qxe4 Nxf4 39. Qxf4 Qc5 40. Qf5 g6
41. Qxc5 dxc5 42. Bb7 a5 43. Nd5 Nxd5 44. Bxd5 1/2-1/2

[Event "USCL Baltimore vs Arizona"]
[Site "Internet Chess Club"]
[Date "2009.09.21"]
[Round "4"]
[White "Ginsburg, Mark"]
[Black "Kaufman, Larry"]
[Result "1/2-1/2"]
[WhiteElo "2427"]
[BlackElo "2444"]
[PlyCount "120"]
[EventDate "2009.??.??"]

1. e4 c6 2. Nc3 d5 3. Nf3 Bg4 4. h3 Bxf3 5. Qxf3 e6 6. Be2 Nf6 7. O-O Be7 8. e5
Nfd7 9. Qg3 O-O 10. d3 g6 11. f4 f5 12. exf6 Nxf6 13. Nd1 Ne8 14. Qe3 Ng7 15.
Nf2 Qb6 16. g4 Nd7 17. c3 Bd6 18. Qxb6 axb6 19. Nd1 Rf7 20. d4 Raf8 21. a4 Bxf4
22. Bxf4 Rxf4 23. Rxf4 Rxf4 24. a5 Ne8 25. Nf2 bxa5 26. Rxa5 Nd6 27. Nd3 Rf8
28. Ra7 Rb8 29. g5 Kf7 30. Bg4 Ke7 31. h4 Nf5 32. Bxf5 exf5 33. Kf2 Kd6 34. Kf3
Kc7 35. Ra1 Re8 36. Nf4 Nf8 37. h5 Ne6 38. Nxe6+ Rxe6 39. Ra8 Kb6 40. Rh8 Re7
41. hxg6 hxg6 42. Rg8 Re6 43. Rg7 Ka6 44. Rf7 Re1 45. Rf6 Rf1+ 46. Ke3 Rb1 47.
Rxg6 Rxb2 48. Rf6 Rc2 49. Rxf5 Rxc3+ 50. Kf4 Rd3 51. g6 Rxd4+ 52. Kg5 Rd1 53.
Kf6 Re1 54. g7 Re8 55. Kf7 Rc8 56. Re5 d4 57. Re8 Rc7+ 58. Re7 Rc8 59. Re8 Rc7+
60. Re7 Rc8 1/2-1/2

[Event "USCL Baltimore vs Arizona"]
[Site "Internet Chess Club"]
[Date "2009.09.21"]
[Round "4"]
[White "Martinez, Leo"]
[Black "Uesugi, Shinsaku"]
[Result "0-1"]
[WhiteElo "2230"]
[BlackElo "2354"]
[PlyCount "146"]
[EventDate "2009.??.??"]

1. e4 c5 2. Nf3 Nc6 3. d4 cxd4 4. Nxd4 Nf6 5. Nc3 e5 6. Ndb5 d6 7. Bg5 a6 8.
Na3 b5 9. Bxf6 gxf6 10. Nd5 f5 11. c3 Bg7 12. exf5 Bxf5 13. Nc2 O-O 14. Nce3
Be6 15. Bd3 f5 16. O-O f4 17. Qh5 Rf7 18. Bxh7+ Kf8 19. Bf5 Qe8 20. Bxe6 Qxe6
21. Qg4 Qh6 22. Nf5 Qe6 23. Nfe3 Qh6 24. Nb6 Re8 25. Ned5 e4 26. Nd7+ Kg8 27.
N7f6+ Rxf6 28. Nxf6+ Qxf6 29. Qd7 Re6 30. Qxc6 f3 31. g3 Qf5 32. Qc8+ Kh7 33.
Kh1 b4 34. Rad1 e3 35. fxe3 Qc2 36. Rg1 Rh6 37. h4 f2 38. Qg4 fxg1=Q+ 39. Rxg1
bxc3 40. bxc3 Rf6 41. Rg2 Qc1+ 42. Kh2 Qxe3 43. c4 Qe6 44. Qh5+ Rh6 45. Qe2 Be5
46. Qe4+ Kg7 47. Qb7+ Qf7 48. Qe4 Rg6 49. c5 Qe7 50. Qc4 dxc5 51. Kh3 Qe6+ 52.
Qxe6 Rxe6 53. Re2 Kf7 54. Kg4 Rg6+ 55. Kf5 Bxg3 56. h5 Rf6+ 57. Kg4 Bf4 58. Rb2
Kg7 59. Rb7+ Kh6 60. Rb2 Be5 61. Re2 Rf4+ 62. Kh3 Rf5 63. Kg4 Rxh5 64. Kf3 Rg5
65. Ke4 Bd4 66. Kd3 Rg6 67. Kc4 Kg5 68. Kd5 Kf4 69. Re7 Rg2 70. Rf7+ Ke3 71. a3
Ra2 72. Rh7 Kd3 73. Rh3+ Be3 0-1

[Event "USCL Baltimore vs Arizona"]
[Site "Internet Chess Club"]
[Date "2009.09.21"]
[Round "4"]
[White "Kaufman, Ray"]
[Black "Adamson, Robby"]
[Result "1/2-1/2"]
[WhiteElo "2297"]
[BlackElo "2354"]
[PlyCount "238"]
[EventDate "2009.??.??"]

1. e4 c5 2. Nf3 d6 3. d4 cxd4 4. Nxd4 Nf6 5. Nc3 a6 6. Bc4 e6 7. Bb3 Nbd7 8. f4
Nc5 9. f5 b5 10. fxe6 fxe6 11. Qf3 Bd7 12. O-O Be7 13. e5 dxe5 14. Nc6 Bxc6 15.
Qxc6+ Kf7 16. Be3 Qc8 17. Qf3 Rf8 18. Bxc5 Bxc5+ 19. Kh1 Kg8 20. Qh3 Re8 21.
Rae1 Bd4 22. Rxf6 gxf6 23. Ne4 Re7 24. Nd6 Qf8 25. Nf5 Rae8 26. c3 Bc5 27.
Nxe7+ Qxe7 28. Re4 Kh8 29. Rh4 Qf7 30. Qf3 Qg6 31. Bc2 f5 32. Qc6 Bf8 33. h3
Rd8 34. Qc7 Rd2 35. Qxe5+ Qg7 36. Qxg7+ Bxg7 37. Bb3 Rxb2 38. g4 f4 39. g5 f3
40. Kg1 e5 41. g6 Rg2+ 42. Kf1 Rxg6 43. Bc2 Rh6 44. Rxh6 Bxh6 45. Be4 Bd2 46.
Bb7 Bxc3 47. Bxa6 Bd4 48. Bxb5 Kg7 49. Bc6 f2 50. a4 Kf6 51. Be4 h6 52. h4 Ke6
53. Ke2 Kd6 54. a5 Kc5 55. a6 Kc4 56. Bg2 Ba7 57. Be4 Kb5 58. Bb7 Bb6 59. h5
Bc5 60. Kf1 Kb6 61. Ke2 Kc7 62. Be4 Kd6 63. Kf1 Ke7 64. Bg6 Kf6 65. Be8 Kg5 66.
Bf7 Kg4 67. Be8 Ba7 68. Bf7 Kh4 69. Be8 Bc5 70. Bf7 Kg4 71. Be8 Bb6 72. Bf7 Kf3
73. Bd5+ Kg3 74. Be4 Kg4 75. Bg6 Kf3 76. Be8 Kg3 77. Bf7 Kg4 78. Be8 e4 79. Bf7
Kg3 80. Bd5 Kf3 81. Bc6 Ba7 82. Bd5 Bd4 83. Bc6 Bb6 84. Bd5 Ke3 85. Bc6 Kd3 86.
Bb5+ Ke3 87. Be2 Ba7 88. Bb5 Kf4 89. Be2 Kg5 90. Bd1 Kf6 91. Be2 Ke5 92. Bd1
Kd4 93. Be2 Kc3 94. Bg4 Kd2 95. Be2 Bb6 96. Bb5 Bc5 97. Be2 Ba7 98. Bb5 Ke3 99.
Be2 Kf4 100. Bd1 Kg3 101. Be2 Kh2 102. Bd1 e3 103. Be2 Kg3 104. Bd1 Kf4 105.
Be2 Ke4 106. Bd1 Kd4 107. Be2 Kc3 108. Bb5 Kb3 109. Be2 Kc2 110. Bb5 Kc3 111.
Be2 Kd4 112. Bb5 Ke5 113. Be2 Kf5 114. Bd1 Kg5 115. Be2 Kh4 116. Bd1 Kg3 117.
Be2 Kh2 118. Bd1 e2+ 119. Bxe2 Kg3 1/2-1/2

[Event "USCL New Jersey vs New York"]
[Site "Internet Chess Club"]
[Date "2009.09.23"]
[Round "4"]
[White "Norowitz, Yaacov"]
[Black "Matlin, Anna"]
[Result "1-0"]
[WhiteElo "2354"]
[BlackElo "2003"]
[PlyCount "125"]
[EventDate "2009.??.??"]

1. d4 Nf6 2. e3 g6 3. Nf3 Bg7 4. Be2 O-O 5. O-O c5 6. b3 cxd4 7. Nxd4 d5 8. Bb2
Nc6 9. Nxc6 bxc6 10. c4 Qc7 11. cxd5 cxd5 12. Nc3 Bb7 13. Rc1 Qa5 14. a3 Rac8
15. b4 Qd8 16. Na4 Qd6 17. Nc5 Ba8 18. Nb3 e5 19. Rxc8 Rxc8 20. Bf3 Nd7 21. Bg4
f5 22. Be2 Nb6 23. Nc5 Nd7 24. Nxd7 Qxd7 25. Qa1 d4 26. exd4 Qd5 27. Bf3 e4 28.
Bd1 h5 29. a4 Kh7 30. Qa3 Bxd4 31. Bb3 Qe5 32. Bxd4 Qxd4 33. Rd1 Qc3 34. b5 e3
35. Qe7+ Kh6 36. Qxe3+ Qxe3 37. fxe3 Rc3 38. Bd5 Bxd5 39. Rxd5 Ra3 40. Rd4 Ra2
41. h4 Ra3 42. Kf2 Ra2+ 43. Kf3 Ra1 44. Kf4 Ra3 45. e4 fxe4 46. Rxe4 Ra2 47. g4
hxg4 48. Kxg4 Rb2 49. Kf4 Ra2 50. Ke5 Kh5 51. Kd6 Rh2 52. Kc6 Rxh4 53. Rxh4+
Kxh4 54. a5 g5 55. b6 axb6 56. axb6 g4 57. b7 g3 58. b8=Q Kh3 59. Qh8+ Kg2 60.
Kd5 Kf2 61. Qd4+ Kf1 62. Qf4+ Kg2 63. Ke4 1-0

[Event "USCL Carolina vs Queens"]
[Site "Internet Chess Club"]
[Date "2009.09.23"]
[Round "4"]
[White "Simpson, Ron"]
[Black "Lapshun, Yury"]
[Result "0-1"]
[WhiteElo "2290"]
[BlackElo "2504"]
[PlyCount "100"]
[EventDate "2009.??.??"]

1. e4 c5 2. Nf3 Nc6 3. Bc4 e6 4. Nc3 Nf6 5. O-O Nxe4 6. Nxe4 d5 7. Bb5 dxe4 8.
Ne5 Qd5 9. Nxc6 bxc6 10. Be2 Be7 11. d3 exd3 12. Bf3 Qd7 13. Be4 Ba6 14. Qf3
Rc8 15. Rd1 O-O 16. Bxd3 Bxd3 17. Rxd3 Qb7 18. Rb3 Qc7 19. Qh5 g6 20. Qh6 f6
21. Qh3 f5 22. Bh6 Rfd8 23. Qc3 Rd4 24. Qe1 Kf7 25. Rh3 Rh8 26. Qe2 Re4 27. Qf1
Rd8 28. Bg5 Kg8 29. f3 Red4 30. Be3 R4d5 31. Re1 Qd6 32. Qc4 Qe5 33. Bd2 Qd4+
34. Qxd4 Rxd4 35. Rxe6 Rxd2 36. Rxe7 Rxc2 37. Re1 Rxb2 38. Rg3 c4 39. f4 Rd3
40. Rge3 Rxe3 41. Rxe3 Rxa2 42. Rc3 Ra4 43. Kf2 Kf7 44. Rc2 c5 45. Rb2 c3 46.
Rb7+ Ke6 47. Ke3 Rd4 48. Rb3 Rc4 49. Rb1 c2 50. Rc1 Kd5 0-1

[Event "USCL Boston vs Philadelphia"]
[Site "Internet Chess Club"]
[Date "2009.09.23"]
[Round "4"]
[White "Sammour-Hasbun, Jorge"]
[Black "Kudrin, Sergey"]
[Result "1-0"]
[WhiteElo "2603"]
[BlackElo "2602"]
[PlyCount "93"]
[EventDate "2009.??.??"]

1. e4 c5 2. Nf3 Nc6 3. Bb5 d6 4. d4 cxd4 5. Qxd4 Bd7 6. Bxc6 Bxc6 7. Nc3 Nf6 8.
Bg5 e6 9. O-O-O Be7 10. Rhe1 O-O 11. Qd2 h6 12. Bf4 e5 13. Bg3 Rc8 14. Qd3 Qc7
15. Bh4 Rfd8 16. Bxf6 Bxf6 17. Kb1 b5 18. Qe2 d5 19. Nxd5 Bxd5 20. exd5 Qc5 21.
Qe4 Qxf2 22. Nxe5 Re8 23. Ng4 Rxe4 24. Nxf2 Rxe1 25. Rxe1 Rd8 26. Rd1 Re8 27.
a4 bxa4 28. c4 a3 29. c5 axb2 30. d6 Rc8 31. Ne4 Bd8 32. g4 g6 33. Rd5 f6 34.
Kxb2 Kf7 35. Kc3 Ke6 36. Kc4 a5 37. Nc3 Kd7 38. Rd1 Kc6 39. Nb5 Rb8 40. Rb1 Ra8
41. Nd4+ Kd7 42. Kd5 a4 43. c6+ Ke8 44. c7 Bxc7 45. dxc7 Kd7 46. Rb8 Ra5+ 47.
Nb5 1-0

[Event "USCL Carolina vs Queens"]
[Site "Internet Chess Club"]
[Date "2009.09.23"]
[Round "4"]
[White "Schroer, Jonathan"]
[Black "Vovsha, Eli"]
[Result "1/2-1/2"]
[WhiteElo "2429"]
[BlackElo "2539"]
[PlyCount "127"]
[EventDate "2009.??.??"]

1. d4 d6 2. Nf3 Bg4 3. c4 Bxf3 4. exf3 Nd7 5. Nc3 g6 6. Be2 Bg7 7. O-O Ngf6 8.
d5 O-O 9. Be3 c6 10. Qb3 cxd5 11. cxd5 Qa5 12. Qxb7 Rfb8 13. Qc6 Ne5 14. Qa6
Qxa6 15. Bxa6 Rxb2 16. Rab1 Rc2 17. Rfc1 Rxc1+ 18. Rxc1 Ned7 19. Ne4 Nxe4 20.
fxe4 Rb8 21. Rc8+ Rxc8 22. Bxc8 Nc5 23. Bxc5 dxc5 24. Ba6 g5 25. Kf1 Bd4 26.
Ke2 Kg7 27. g3 g4 28. Bc8 h5 29. h3 gxh3 30. Bxh3 c4 31. f4 c3 32. e5 Bf2 33.
d6 exd6 34. exd6 Bxg3 35. d7 Bh4 36. Kd3 Bf6 37. Bf5 h4 38. a4 Kf8 39. d8=Q+
Bxd8 40. Kxc3 Bc7 41. Kd4 Bxf4 42. Ke4 Bg3 43. a5 Ke7 44. Kf3 Kf6 45. Bh3 Ke5
46. Bf1 f5 47. a6 Kd4 48. Bh3 Ke5 49. Bf1 Be1 50. Bh3 Ba5 51. Bf1 Bc7 52. Bh3
Bd6 53. Bf1 Kd4 54. Bh3 Ke5 55. Bf1 Kd4 56. Bh3 f4 57. Bf1 Kc3 58. Ke2 Kc2 59.
Kf3 Kd2 60. Bh3 Ke1 61. Bg2 Kd2 62. Bh3 Kd3 63. Bf1+ Kd4 64. Bh3 1/2-1/2